[Event "IECG TG.2006.0.15611"]
[Site "IECG email"]
[Date "2006.05.07"]
[Round "2"]
[White "Craighead, Dennis"]
[Black "Ferreira, Joao Alvaro"]
[Result "1-0"]
[WhiteElo "667"]
[BlackElo "711"]
[PlyCount "27"]
[EventDate "2006.05.07"]
[EventType "match (corr)"]
[EventRounds "2"]
[SourceTitle "Corr 2024"]
[Source "ChessBase"]
[SourceDate "2023.10.19"]
[SourceVersion "1"]
[SourceVersionDate "2023.10.19"]
[SourceQuality "1"]

1. e4 e6 2. e5 d5 3. Bb5+ Bd7 4. a4 Bxb5 5. axb5 Qg5 6. Nf3 Qxg2 7. Rg1 Qh3 8. Nc3 h6 9. Ra4 g5 10. Qe2 Nd7 11. Rag4 Bg7 12. Ra4 g4 13. Nd4 Bxe5 14. Nxe6 1-0